Ake aur buut shikan peda hoya sultan mahmood ghaznavi kay jehad aur jasosoo key kahaneya (Record no. 582232)
[ view plain ]
| 000 -LEADER | |
|---|---|
| fixed length control field | 00481nam a22001697a 4500 |
| 003 - CONTROL NUMBER IDENTIFIER | |
| control field | CEME |
| 005 - DATE AND TIME OF LATEST TRANSACTION | |
| control field | 20210628205743.0 |
| 008 - FIXED-LENGTH DATA ELEMENTS--GENERAL INFORMATION | |
| fixed length control field | 210129b xxu||||| |||| 00| 0 eng d |
| 040 ## - CATALOGING SOURCE | |
| Transcribing agency | . |
| 082 ## - DEWEY DECIMAL CLASSIFICATION NUMBER | |
| Classification number | 891.4393 INA |
| 100 ## - MAIN ENTRY--PERSONAL NAME | |
| Personal name | Inayat Ullah |
| 9 (RLIN) | 13479 |
| 245 ## - TITLE STATEMENT | |
| Title | Ake aur buut shikan peda hoya sultan mahmood ghaznavi kay jehad aur jasosoo key kahaneya |
| 260 ## - PUBLICATION, DISTRIBUTION, ETC. | |
| Place of publication, distribution, etc. | LAHORE |
| Name of publisher, distributor, etc. | IHAYAT ULLAH MAKTABA |
| Date of publication, distribution, etc. | 1983 |
| 300 ## - PHYSICAL DESCRIPTION | |
| Extent | 4 VOLS |
| 650 ## - SUBJECT ADDED ENTRY--TOPICAL TERM | |
| Topical term or geographic name entry element | URDU ADAB-NOVEL |
| 9 (RLIN) | 20918 |
| 942 ## - ADDED ENTRY ELEMENTS (KOHA) | |
| Koha item type | Book |
| Source of classification or shelving scheme | |
| Withdrawn status | Lost status | Source of classification or shelving scheme | Damaged status | Not for loan | Permanent Location | Current Location | Shelving location | Date acquired | Shelving control number | Full call number | Barcode | Date last seen | Price effective from | Koha item type | Public note | Total Checkouts |
|---|---|---|---|---|---|---|---|---|---|---|---|---|---|---|---|---|
| College of Electrical & Mechanical Engineering (CEME) | College of Electrical & Mechanical Engineering (CEME) | Fiction | 06/02/2017 | Urdu Literature | 891.4393 INA | CEME-32721 | 06/28/2021 | 06/28/2021 | Book | 1.0 | ||||||
| College of Electrical & Mechanical Engineering (CEME) | College of Electrical & Mechanical Engineering (CEME) | Fiction | 06/02/2017 | Urdu Literature | 891.4393 INA | CEME-32722 | 06/28/2021 | 06/28/2021 | Book | 1.0 | ||||||
| College of Electrical & Mechanical Engineering (CEME) | College of Electrical & Mechanical Engineering (CEME) | Fiction | 06/02/2017 | Urdu Literature | 891.4393 INA | CEME-32723 | 06/28/2021 | 06/28/2021 | Book | 1.0 | ||||||
| College of Electrical & Mechanical Engineering (CEME) | College of Electrical & Mechanical Engineering (CEME) | Fiction | 06/02/2017 | Urdu Literature | 891.4393 INA | CEME-32724 | 06/28/2021 | 06/28/2021 | Book | 1.0 | ||||||
| College of Electrical & Mechanical Engineering (CEME) | College of Electrical & Mechanical Engineering (CEME) | Fiction | 07/27/2017 | Urdu Literature | 891.4393 INA | CEME-37038 | 06/28/2021 | 06/28/2021 | Book | 1.0 | 1 | |||||
| College of Electrical & Mechanical Engineering (CEME) | College of Electrical & Mechanical Engineering (CEME) | Fiction | 07/27/2017 | Urdu Literature | 891.4393 INA | CEME-37039 | 06/28/2021 | 06/28/2021 | Book | 1.0 | ||||||
| College of Electrical & Mechanical Engineering (CEME) | College of Electrical & Mechanical Engineering (CEME) | Fiction | 07/27/2017 | Urdu Literature | 891.4393 INA | CEME-37040 | 06/28/2021 | 06/28/2021 | Book | 1.0 | 1 | |||||
| College of Electrical & Mechanical Engineering (CEME) | College of Electrical & Mechanical Engineering (CEME) | Fiction | 07/27/2017 | Urdu Literature | 891.4393 INA | CEME-37041 | 06/28/2021 | 06/28/2021 | Book | 1.0 |
